Lincolnshire Places - Sudden Death - Statistics

General Stats
  • This quiz has been taken 77 times
  • The average score is 12 of 16
Answers on the Grid
Answers color-coded by a green-red scale on the quiz's grid according to % correct below.
Ashbourne
Barton-upon-Humber
Boston
Canterbury
Colchester
Corby
Daventry
Fleetwood
Gainsborough
Grantham
Grimsby
Hereford
Holbeach
Horncastle
Immingham
Ingoldmells
King's Lynn
Lichfield
Lincoln
Mablethorpe
Mansfield
Nelson
Newport Pagnell
Northwich
Runcorn
Scunthorpe
Skegness
Sleaford
Slough
Spalding
Stamford
Woking
 
Answer Stats
Answer % Correct
Lincoln
98%
Grimsby
90%
Boston
88%
Skegness
86%
Gainsborough
80%
Grantham
80%
Sleaford
80%
Mablethorpe
75%
Scunthorpe
75%
Spalding
75%
Stamford
75%
Horncastle
73%
Ingoldmells
69%
Holbeach
65%
Immingham
65%
Barton-upon-Humber
59%
No matching quizzes found
Score Distribution
Percent of People with Each Score
Percentile by Number Answered
Your Score History
You have not taken this quiz